Представление документа в формате MARC21

Поле Инд. ПП Название Значение
Тип записи a
Библиографический уровень m
001 Контрольный номер ae7b397d-4761-4b27-882a-0c62285b63f3
005 Дата корректировки 20140703143226.4
008 Кодируемые данные 020611
020 c Цена, тираж б/ц
040 a Служба первич. каталог. НБ ТвГУ
041 a Код языка текста rus
080 a Индекс УДК 811.112.2'276.6:62(043.3)
084 a Индекс другой классификации/Индекс ББК Ш143.24-7в6я031
a Индекс другой классификации/Индекс ББК Ш143.24-22я031
090 x Авторский знак О-21
a Полочн. индекс Ш143.24
100 1_ a Автор Ободин Георгий Алексеевич
245 10 a Заглавие Смысловая сегментация научно-технического текста
b Продолж. заглавия на материале нем. яз. : автореф. дис. ... канд. филол. наук : 10.02.04
c Ответственность М-во высш. и сред. спец. образования РСФСР, Калинин. гос. ун-т
260 0_ a Место издания Калинин
b Издательство КГУ
c Дата издания 1983
300 a Объем 15, [1] с.
b Иллюстрации/ тип воспроизводства ил.
500 a Примечание На правах рукоп.
504 a Библиография Библиогр. в конце кн.
583 a Действие Получение впервые 97 22.03.2006
650 a Основная рубрика Немецкий язык
x Основная подрубрика Научно-технические тексты
x Основная подрубрика Смысловая сегментация
x Основная подрубрика Речевой смысл
x Основная подрубрика Синтаксис
x Основная подрубрика Лингвостилистический анализ
650 a Основная рубрика Анализ текста научного
653 a Ключевые слова Немецкий язык
a Ключевые слова Синтаксис немецкого языка
a Ключевые слова Научно-технические тексты
a Ключевые слова Смысловая сегментация
a Ключевые слова Семантика
a Ключевые слова Речевой смысл
a Ключевые слова Текстема
a Ключевые слова Анализ научного текста
a Ключевые слова Лингвостилистический анализ
a Ключевые слова Авторефераты
852 t Порядковый номер экземпляра 2
p Инвентарный номер б/н
888 a Бесплатные
930 a Новая/Ретро авторефераты
952 p 97.2006 б/ц 2 б/н
c Вид литературы А/Р н
954 a Дата поступления на обработку 20060401
999 a Подразделение 2 ч.з.